000 00501nam a2200169 a 4500
001 000037681
005 20201002031112.0
008 121115s2012 dr 000 0 spa d
020 _a9789945489200
040 _aDO-SdBNP
_bspa
_cBNPHU
100 1 _aPichardo, Náyila
_964141
245 1 0 _aPsique /
_cNáyila Pichardo.
250 _a2a ed.
260 _aSanto Domingo :
_bSantuario,
_c2012.
300 _a95 p. ;
_c24 cm.
500 _aIncluye datos biográficos de la autora en la solapa de la cubierta
999 _c37171
_d37171